000
00225nam a22001097a 4500
020
_a
9781472385260
082
_a
813.6
_b
DIS
245
_a
Tangled
260
_a
UK:
_b
Parragon books,
_c
2017.
563
_a
HB
942
_2
ddc
_c
BK
999
_c
614875
_d
614875